[Event "Francisco Martinez 8th tt"]
[Site "Santa Clara"]
[Date "2018.08.17"]
[Round "3.2"]
[White "Solares Orozco, Kebert"]
[Black "Muniz Guevara, Amanda Maria"]
[Result "1-0"]
[WhiteElo "2156"]
[BlackElo "2148"]
[PlyCount "121"]
[EventDate "2018.08.16"]
[EventType "team-tourn"]
[EventRounds "10"]
[EventCountry "CUB"]
[EventCategory "8"]
[SourceTitle "EXT 2021"]
[Source "ChessBase"]
[SourceDate "2020.10.23"]
[SourceVersion "1"]
[SourceVersionDate "2020.10.23"]
[SourceQuality "1"]

1. d4 d5 2. Nf3 Nf6 3. c4 c6 4. g3 Bf5 5. Nc3 e6 6. Nh4 Bg6 7. Nxg6 hxg6 8. Qb3 Qd7 9. Bg2 Na6 10. Bf4 Rd8 11. Rd1 Be7 12. 0-0 0-0 13. a3 Rc8 14. Qa2 Bd6 15. Bg5 Nh7 16. Bc1 dxc4 17. Qxc4 Qe7 18. b4 Rfd8 19. Bb2 Nc7 20. e4 Qf8 21. f4 a5 22. Na2 axb4 23. Nxb4 c5 24. dxc5 Bxc5+ 25. Kh1 Ne8 26. Qb3 Nhf6 27. h3 Nh5 28. Kh2 Rxd1 29. Rxd1 Qe7 30. Nd3 Ba7 31. e5 Rc7 32. g4 Nxf4 33. Nxf4 Qg5 34. Ne2 Be3 35. Rd3 Bf4+ 36. Nxf4 Qxf4+ 37. Kh1 Qg5 38. Qd1 f5 39. Rd8 Re7 40. Qc1 Qh4 41. Qf4 Qe1+ 42. Qf1 Qg3 43. Rd3 Qh4 44. Qf3 Qe1+ 45. Kh2 Rf7 46. g5 Rc7 47. Bc3 Qc1 48. Qe3 Qxa3 49. Bd4 Qe7 50. Bb6 Rc2 51. h4 Qb4 52. Bd4 Qa4 53. Rd2 Rc4 54. Qd3 Kh7 55. Bf2 Rg4 56. Bg3 Nc7 57. Bf3 Rb4 58. Qd7 Qa3 59. Rf2 Rc4 60. h5 Qe3 61. h6 1-0

[Event "CUB-ch U18 Girls"]
[Site "San Nicolas de Bari"]
[Date "2018.06.15"]
[Round "5"]
[White "Muniz Guevara, Amanda Maria"]
[Black "Venzant Batista, Marcia Camila"]
[Result "1/2-1/2"]
[WhiteElo "2032"]
[BlackElo "1942"]
[PlyCount "89"]
[EventDate "2018.06.13"]
[EventType "swiss"]
[EventRounds "9"]
[EventCountry "CUB"]
[SourceTitle "EXT 2021"]
[Source "ChessBase"]
[SourceDate "2020.10.23"]
[SourceVersion "1"]
[SourceVersionDate "2020.10.23"]
[SourceQuality "1"]

1. e4 e6 2. d4 d5 3. Nd2 h6 4. Bd3 c5 5. exd5 exd5 6. Ngf3 Nf6 7. 0-0 c4 8. Re1+ Be7 9. Be2 Nc6 10. b3 cxb3 11. axb3 0-0 12. Bb2 Bf5 13. Nf1 Rc8 14. Ne3 Bh7 15. Ne5 Bb4 16. c3 Ba5 17. Bd3 Ne4 18. b4 Nxe5 19. dxe5 Bb6 20. Bxe4 Bxe4 21. Qe2 Qg5 22. f3 Bg6 23. Kh1 Qxe5 24. Qd2 Qf4 25. Rad1 Bxe3 26. Qxe3 Qxe3 27. Rxe3 Rfe8 28. Rde1 f6 29. Rxe8+ Rxe8 30. Rxe8+ Bxe8 31. Kg1 Kf7 32. Kf2 Ke6 33. Ke3 b6 34. Bc1 a5 35. bxa5 bxa5 36. Kd4 Bb5 37. Ke3 h5 38. Ba3 Kf5 39. Bd6 g5 40. Be7 a4 41. Bd6 Ke6 42. Bc5 Ke5 43. g3 Bc4 44. Bb4 f5 45. f4+ 1/2-1/2

[Event "Guillermo Garcia Memorial op 27th"]
[Site "Santa Clara"]
[Date "2018.05.30"]
[Round "8"]
[White "Moreno del Pozo, Orlando"]
[Black "Muniz Guevara, Amanda Maria"]
[Result "0-1"]
[WhiteElo "2247"]
[BlackElo "2026"]
[PlyCount "82"]
[EventDate "2018.05.22"]
[EventType "swiss"]
[EventRounds "9"]
[EventCountry "CUB"]
[SourceTitle "CBM 184 Extra"]
[Source "ChessBase"]
[SourceDate "2018.06.28"]
[SourceVersion "1"]
[SourceVersionDate "2018.06.28"]
[SourceQuality "1"]

1. e4 e5 2. Nf3 Nc6 3. Bc4 Nf6 4. d3 Be7 5. c3 0-0 6. 0-0 d6 7. Bb3 Na5 8. Bc2 c5 9. b4 cxb4 10. cxb4 Nc6 11. b5 Nb8 12. Nbd2 Bg4 13. Bb2 Nbd7 14. h3 Bh5 15. g4 Bg6 16. Re1 Nc5 17. Nf1 Ne6 18. Ng3 Nf4 19. Kh2 Qd7 20. Nf5 Bxf5 21. gxf5 Qxb5 22. Rb1 Qa5 23. Rg1 Kh8 24. Rg3 N6h5 25. Rg4 Bf6 26. Bb3 g6 27. fxg6 fxg6 28. d4 Bg7 29. Ng5 Qc7 30. dxe5 dxe5 31. Ba3 Rad8 32. Qc1 Qxc1 33. Rxc1 h6 34. Nf3 Nf6 35. Rg3 Nxe4 36. Rc7 Nxg3 37. fxg3 Ne6 38. Bxf8 Nxc7 39. Bxg7+ Kxg7 40. Nxe5 Rd2+ 41. Kg1 Nb5 0-1

[Event "Guillermo Garcia Memorial op 27th"]
[Site "Santa Clara"]
[Date "2018.05.24"]
[Round "3"]
[White "Mestre Nunez, Pedro"]
[Black "Muniz Guevara, Amanda Maria"]
[Result "1-0"]
[WhiteElo "2108"]
[BlackElo "2026"]
[PlyCount "59"]
[EventDate "2018.05.22"]
[EventType "swiss"]
[EventRounds "9"]
[EventCountry "CUB"]
[SourceTitle "CBM 184 Extra"]
[Source "ChessBase"]
[SourceDate "2018.06.28"]
[SourceVersion "1"]
[SourceVersionDate "2018.06.28"]
[SourceQuality "1"]

1. d4 g6 2. e4 Bg7 3. Nc3 d6 4. Be3 a6 5. Qd2 Nd7 6. a4 b6 7. f4 Bb7 8. Nf3 e6 9. Bd3 Ne7 10. 0-0 d5 11. e5 c5 12. Qf2 c4 13. Be2 0-0 14. Bd2 f6 15. Qh4 Nc6 16. Qh3 Qe7 17. Nd1 fxe5 18. dxe5 Rae8 19. Nf2 Nc5 20. Be3 Bc8 21. Ng5 h6 22. Nf3 Nd8 23. Qg4 Qf7 24. a5 Bd7 25. axb6 Ndb7 26. Nh4 Kh7 27. b4 cxb3 28. cxb3 Nxb3 29. Bd3 Qe7 30. Nxg6 1-0

[Event "Capablanca Memorial U15 2nd"]
[Site "Havana"]
[Date "2018.05.19"]
[Round "7"]
[White "Muniz Guevara, Amanda Maria"]
[Black "Hernandez Izquierdo, Jose A"]
[Result "1-0"]
[WhiteElo "2026"]
[BlackElo "1814"]
[PlyCount "119"]
[EventDate "2018.05.14"]
[EventType "swiss"]
[EventRounds "7"]
[EventCountry "CUB"]
[SourceTitle "EXT 2021"]
[Source "ChessBase"]
[SourceDate "2020.10.23"]
[SourceVersion "1"]
[SourceVersionDate "2020.10.23"]
[SourceQuality "1"]

1. e4 c5 2. Nf3 e6 3. c3 Nf6 4. e5 Nd5 5. d4 cxd4 6. cxd4 d6 7. Bc4 Nb6 8. Bd3 Nc6 9. 0-0 Be7 10. Nc3 0-0 11. Qe2 d5 12. a3 f6 13. Qc2 f5 14. Kh1 h6 15. Ne2 Bd7 16. Rg1 Qe8 17. Qd1 Qf7 18. Bc2 a6 19. Nf4 g5 20. Ne2 Qg7 21. Ne1 Rac8 22. b3 Nd8 23. Bd2 Nf7 24. Ng3 Nh8 25. f4 g4 26. Nd3 Qg6 27. Re1 Bh4 28. Kg1 Bxg3 29. hxg3 Rfe8 30. Kf2 Na8 31. Nc5 Bc6 32. Rc1 Nc7 33. a4 b6 34. Nd3 a5 35. Bb1 Bb7 36. b4 axb4 37. Nxb4 Na6 38. Qb3 Nb8 39. Bd3 Qf7 40. Na2 Rc6 41. Bb5 Rxc1 42. Bxe8 Qxe8 43. Rxc1 Qd8 44. a5 Ba6 45. Rb1 b5 46. Rc1 Ng6 47. Qc3 Ne7 48. Qc5 Nec6 49. Qc3 Qd7 50. Nb4 Nxb4 51. Qxb4 Nc6 52. Qc5 Bb7 53. a6 Ba8 54. Qxb5 Qe8 55. Qb6 Qd7 56. Bb4 Kf7 57. Bd6 Kg6 58. Qc5 h5 59. Rb1 Qe8 60. a7 1-0

[Event "Capablanca Memorial U15 2nd"]
[Site "Havana"]
[Date "2018.05.17"]
[Round "5"]
[White "Muniz Guevara, Amanda Maria"]
[Black "Menendez Mallet, Jhon Maykol"]
[Result "1-0"]
[WhiteElo "2026"]
[BlackElo "1840"]
[PlyCount "79"]
[EventDate "2018.05.14"]
[EventType "swiss"]
[EventRounds "7"]
[EventCountry "CUB"]
[SourceTitle "EXT 2021"]
[Source "ChessBase"]
[SourceDate "2020.10.23"]
[SourceVersion "1"]
[SourceVersionDate "2020.10.23"]
[SourceQuality "1"]

1. e4 e6 2. d4 d5 3. Nd2 Nf6 4. e5 Nfd7 5. c3 c5 6. Bd3 Nc6 7. Ne2 f6 8. exf6 Nxf6 9. 0-0 cxd4 10. cxd4 Bd6 11. Nf3 0-0 12. Bf4 Bxf4 13. Nxf4 Qd6 14. g3 Bd7 15. Re1 Rae8 16. Bf1 Ne4 17. Bg2 Re7 18. Ne5 Nxf2 19. Kxf2 g5 20. Nxd7 Qxd7 21. Qg4 Rg7 22. Qxe6+ Qxe6 23. Rxe6 gxf4 24. Bxd5 Nb4 25. Bc4 fxg3+ 26. Kg2 gxh2+ 27. Kxh2 Kh8 28. Rf1 Rc8 29. Bb3 b5 30. Rfe1 Rgg8 31. Re7 Rgf8 32. Rxa7 Nc6 33. Rd7 Rf2+ 34. Kg3 Rxb2 35. Rh1 Rxb3+ 36. axb3 Rg8+ 37. Kf4 Rg7 38. Rxg7 Kxg7 39. Ke4 Na5 40. Rh3 1-0

[Event "Camajuani Guerrilleritos-C"]
[Site "Camajuani"]
[Date "2018.04.21"]
[Round "10"]
[White "Cabrera Gonzalez, Maximo Ariel"]
[Black "Muniz Guevara, Amanda Maria"]
[Result "0-1"]
[WhiteElo "2056"]
[BlackElo "2001"]
[PlyCount "48"]
[EventDate "2018.04.16"]
[EventType "tourn"]
[EventRounds "10"]
[EventCountry "CUB"]
[SourceTitle "EXT 2021"]
[Source "ChessBase"]
[SourceDate "2020.10.23"]
[SourceVersion "1"]
[SourceVersionDate "2020.10.23"]
[SourceQuality "1"]

1. e4 g6 2. d4 Bg7 3. Nc3 a6 4. a4 d6 5. f4 Nd7 6. Nf3 e6 7. Be3 b6 8. Bd3 Bb7 9. Qd2 Ne7 10. f5 exf5 11. exf5 Nf6 12. 0-0-0 Qd7 13. Rhe1 0-0-0 14. fxg6 hxg6 15. Qe2 Ned5 16. Bxa6 Rhe8 17. Bxb7+ Kxb7 18. Qd3 Nxe3 19. Ne5 dxe5 20. Qxe3 exd4 21. Qg1 Rxe1 22. Qxe1 Qc6 23. Nb5 d3 24. c3 d2+ 0-1

[Event "Camajuani Guerrilleritos-C"]
[Site "Camajuani"]
[Date "2018.04.17"]
[Round "2"]
[White "Lemus Morales, Diego Enrique"]
[Black "Muniz Guevara, Amanda Maria"]
[Result "0-1"]
[WhiteElo "2027"]
[BlackElo "2001"]
[PlyCount "94"]
[EventDate "2018.04.16"]
[EventType "tourn"]
[EventRounds "10"]
[EventCountry "CUB"]
[SourceTitle "EXT 2021"]
[Source "ChessBase"]
[SourceDate "2020.10.23"]
[SourceVersion "1"]
[SourceVersionDate "2020.10.23"]
[SourceQuality "1"]

1. e4 d6 2. d4 g6 3. Nf3 Bg7 4. Be3 Nd7 5. Nc3 b6 6. Qd2 Bb7 7. Bd3 e6 8. 0-0-0 Ngf6 9. Kb1 0-0 10. Rhg1 a6 11. g4 b5 12. g5 Nh5 13. Ne2 c5 14. dxc5 Nxc5 15. Qb4 a5 16. Qe1 Nxe4 17. Bxb5 Qc7 18. Nd2 Rfc8 19. Rc1 a4 20. Bd4 e5 21. Nxe4 Bxe4 22. Bc3 d5 23. Ng3 Nxg3 24. Rxg3 Bf5 25. Qd2 Be6 26. Bb4 Qb6 27. Bf1 Rab8 28. a3 Bf8 29. c3 Bxb4 30. axb4 Bf5+ 31. Bd3 e4 32. Bc2 Rd8 33. Qe1 Ra8 34. Ka2 d4 35. Bxe4 Qe6+ 36. Ka1 Qxe4 37. Qxe4 Bxe4 38. Rg4 Bf5 39. Rxd4 Rxd4 40. cxd4 Rb8 41. d5 Rxb4 42. Rd1 Kf8 43. d6 Ke8 44. Rc1 Rd4 45. Rc6 Be6 46. Kb1 Kd7 47. Ra6 Bb3 0-1